| 000 | 02497nam0a2200457 4500 | ||
|---|---|---|---|
| 001 | RU\NLR\BIBL_A\022592256 | ||
| 005 | 20260420051355.0 | ||
| 010 |
_a978-5-9704-9262-8 _9500 |
||
| 021 |
_aRU _bКН-П-25-032613 _9КН-П-25-3222 |
||
| 035 | _a(NLR Aleph) 022592256 | ||
| 090 |
_a13679640 _c13679640 |
||
| 100 | _a20250728d2025 k y0rusy50 ca | ||
| 101 | 0 | _arus | |
| 102 | _aRU | ||
| 105 | _aa j 001yy | ||
| 181 | 0 |
_ab2 _bxb2e |
|
| 181 | 0 |
_ai2 _bxxxe |
|
| 182 | 1 | _an | |
| 200 | 1 |
_aОгнестрельные ранения груди, живота, таза и позвоночника _eруководство для врачей _fВ. А. Мануковский, А. Н. Тулупов |
|
| 203 |
_aИзображение _aТекст _bвизуальные _cнепосредственные |
||
| 205 | _a2-е изд., перераб. и доп. | ||
| 210 |
_aМосква _cГЭОТАР-Медиа _d2025 |
||
| 215 |
_a286, [1] с. _cил., цв. ил., табл. _d22 |
||
| 300 | _aНа обороте тит. с. 2-й авт.: Тулупов А. Н. – д-р мед. наук, проф., заслуж. врач РФ | ||
| 301 | _aDOI: 10.33029/9704-9262-8-CPS-2025-1-288 | ||
| 320 | _aБиблиогр.: с. 267–282 (200 назв.) | ||
| 320 | _aПредм. указ.: с. 283–287 | ||
| 606 | 1 |
_aГрудная клетка _jРуководства, пособия и т.п _xОгнестрельные раны _9918169 _3RU\NLR\AUTH\66336272 |
|
| 606 | 1 |
_aБрюшная полость _jРуководства, пособия и т.п _xОгнестрельные раны _91189078 _3RU\NLR\AUTH\66161766 |
|
| 606 | 1 |
_aТаз _jРуководства, пособия и т.п _xОгнестрельные раны _91805119 _3RU\NLR\AUTH\66813651 |
|
| 606 | 1 |
_aПозвоночник _jРуководства, пособия и т.п _xОгнестрельные раны _91805124 _3RU\NLR\AUTH\66813654 |
|
| 686 | 1 | _aР458.193я77 | |
| 686 | 1 | _aР457.465.08я77 | |
| 686 | 1 | _aР638.75я77 | |
| 686 | 1 | _aР457.760.8я77 | |
| 700 | 1 |
_7ca _8rus _aМануковский _bВ. А. _cд-р мед. наук, нейрохирургия _f1969- _gВадим Анатольевич _9256225 _3RU\NLR\AUTH\770256281 |
|
| 701 | 1 |
_aТулупов _bА. Н. _gАлександр Николаевич |
|
| 942 | _cBOOK | ||
| 980 | _aNB | ||